[Event "RA-2013-0-00281"]
[Site "LSS email"]
[Date "2013.07.30"]
[Round "?"]
[White "Husemann, Andreas"]
[Black "Sukhorskij, Vladimir Stanislavo"]
[Result "1/2-1/2"]
[WhiteElo "2113"]
[BlackElo "2128"]
[PlyCount "70"]
[EventDate "2013.06.28"]
[EventType "tourn (corr)"]
[EventRounds "6"]
[EventCountry "GER"]
[SourceTitle "Telechess CBM 163"]
[Source "ChessBase"]
[SourceDate "2014.11.11"]
[SourceVersion "2"]
[SourceVersionDate "2014.11.11"]
[SourceQuality "1"]

1. d4 Nf6 2. c4 e6 3. Nc3 Bb4 4. Qc2 d5 5. cxd5 exd5 6. Bg5 h6 7. Bh4 g5 8. Bg3 Nc6 9. e3 h5 10. Bb5 h4 11. Be5 0-0 12. Bxf6 Qxf6 13. h3 Ne7 14. Nf3 c5 15. dxc5 Be6 16. 0-0 Rfc8 17. Be2 Rxc5 18. Nd4 b6 19. Qb3 Bxc3 20. bxc3 Rac8 21. Qa3 Rxc3 22. Qxa7 Nc6 23. Nxc6 R8xc6 24. a4 Kg7 25. a5 bxa5 26. Qxa5 R3c5 27. Qa4 Bf5 28. Qd1 Bc2 29. Qd4 Be4 30. f3 Bf5 31. f4 Qxd4 32. exd4 Rc2 33. Bf3 Bd3 34. Bxd5 Rd6 35. Rf3 Rxd5 1/2-1/2

[Event "RA-2013-0-00280"]
[Site "LSS email"]
[Date "2013.07.24"]
[Round "?"]
[White "Morcin, Tom"]
[Black "Sukhorskij, Vladimir Stanislavo"]
[Result "0-1"]
[WhiteElo "2064"]
[BlackElo "2128"]
[PlyCount "80"]
[EventDate "2013.06.23"]
[EventType "tourn (corr)"]
[EventRounds "6"]
[EventCountry "GER"]
[SourceTitle "Telechess CBM 163"]
[Source "ChessBase"]
[SourceDate "2014.11.11"]
[SourceVersion "2"]
[SourceVersionDate "2014.11.11"]
[SourceQuality "1"]

1. e4 c6 2. Nc3 d5 3. Nf3 Bg4 4. h3 Bxf3 5. Qxf3 Nf6 6. d3 e6 7. Bd2 Nbd7 8. g4 h6 9. 0-0-0 Qb6 10. exd5 cxd5 11. d4 Rc8 12. Qe3 Bb4 13. Rg1 Bxc3 14. Bxc3 Ne4 15. Be1 Nd6 16. Kb1 0-0 17. Bd3 Nc4 18. Bxc4 Rxc4 19. g5 h5 20. g6 f5 21. f4 Rfc8 22. c3 Nf6 23. Qf3 Kf8 24. Rd3 Qd6 25. Bh4 Ne4 26. Qxh5 Ke8 27. Be1 Kd7 28. Qf3 b5 29. Bd2 Qc6 30. Qe3 b4 31. Rc1 Qb5 32. Be1 a5 33. Ka1 Rb8 34. b3 bxc3 35. Bxc3 Rc6 36. Rb1 Rbc8 37. a4 Qb6 38. Be1 Qc7 39. b4 Rc2 40. Rdd1 Ra2+ 0-1

[Event "BI-2013-P-00026"]
[Site "LSS email"]
[Date "2013.04.23"]
[Round "?"]
[White "Corbacho, Jose Luis"]
[Black "Sukhorskij, Vladimir Stanislavo"]
[Result "0-1"]
[WhiteElo "1582"]
[BlackElo "2112"]
[PlyCount "40"]
[EventDate "2013.04.25"]
[EventType "tourn (corr)"]
[EventRounds "10"]
[EventCountry "GER"]
[SourceTitle "Telechess CBM 167"]
[Source "ChessBase"]
[SourceDate "2015.07.13"]
[SourceVersion "1"]
[SourceVersionDate "2015.07.13"]
[SourceQuality "1"]

1. d4 Nf6 2. Nc3 d5 3. e4 Nxe4 4. Nxe4 dxe4 5. Bc4 Nc6 6. c3 e5 7. d5 Ne7 8. Qa4+ Bd7 9. Qb3 Nf5 10. Qxb7 Rb8 11. Qa6 e3 12. Nf3 exf2+ 13. Kxf2 Bc5+ 14. Ke1 0-0 15. g3 Ne3 16. Bxe3 Bxe3 17. b3 Rb6 18. Qa3 Qf6 19. Rf1 Bh3 20. Ke2 e4 0-1

[Event "BI-2013-P-00026"]
[Site "LSS email"]
[Date "2013.04.23"]
[Round "?"]
[White "Hammerschmidt, Volker"]
[Black "Sukhorskij, Vladimir Stanislavo"]
[Result "1/2-1/2"]
[WhiteElo "1812"]
[BlackElo "2112"]
[PlyCount "94"]
[EventDate "2013.04.25"]
[EventType "tourn (corr)"]
[EventRounds "10"]
[EventCountry "GER"]
[SourceTitle "Telechess CBM 167"]
[Source "ChessBase"]
[SourceDate "2015.07.13"]
[SourceVersion "1"]
[SourceVersionDate "2015.07.13"]
[SourceQuality "1"]

1. e4 c6 2. c4 d5 3. exd5 cxd5 4. d4 Nf6 5. Nc3 Nc6 6. Bf4 e6 7. Nf3 Bb4 8. a3 Bxc3+ 9. bxc3 0-0 10. Bd3 dxc4 11. Bxc4 Qa5 12. Rc1 b6 13. Qd3 Qxa3 14. 0-0 Bb7 15. Ra1 Qe7 16. Rfe1 Na5 17. Ba2 Bxf3 18. Qxf3 Qd7 19. Bh6 Kh8 20. Re5 Ng8 21. Bf4 Rac8 22. Rh5 f5 23. Qe2 Nf6 24. Rh3 Rfe8 25. Re1 b5 26. Be5 Nc4 27. Bxf6 gxf6 28. Qh5 a5 29. Qh6 Qf7 30. Qf4 a4 31. Rb1 Qd7 32. Rg3 Rf8 33. Re1 e5 34. dxe5 fxe5 35. Qh6 e4 36. Bxc4 bxc4 37. Rg6 Ra8 38. Ra1 Qe7 39. Ra6 e3 40. Rxa8 exf2+ 41. Kxf2 Rxa8 42. Qc6 Rb8 43. Qxa4 Qe4 44. Qa2 Qd3 45. Qa5 Re8 46. Kg1 Qe3+ 47. Kf1 Qe2+ 1/2-1/2